Quevedo : hombre del diablo, hombre de dios /
Guardado en:
| Autor Principal: | |
|---|---|
| Formato: | Libro |
| Publicado: |
Buenos Aires :
Losada,
1951
|
| Edición: | 2a. ed. |
| Series: | Biografias Historicas Y Novele
|
| Materias: | |
| Etiquetas: |
Agregar Etiqueta
Sin Etiquetas, Sea el primero en etiquetar este registro!
|
| LEADER | 00636nam a22002175a 4500 | ||
|---|---|---|---|
| 001 | EHU.bham024147 | ||
| 003 | AR-BHAM | ||
| 005 | 20130507110125.0 | ||
| 008 | 130507s1951##################000#0#####d | ||
| 082 | 9 | 2 | |a 928 |
| 100 | 1 | |a Bouvier, Rene | |
| 245 | 1 | 0 | |a Quevedo : |b hombre del diablo, hombre de dios / |c Rene Bouvier |
| 250 | |a 2a. ed. | ||
| 260 | |a Buenos Aires : |b Losada, |c 1951 | ||
| 300 | |a 198 p. | ||
| 490 | 0 | |a Biografias Historicas Y Novele | |
| 500 | |a Trad. Por Roberto Bula Piriz | ||
| 653 | |a Quevedo | ||
| 653 | |a Biografias | ||
| 653 | |a Biografias de escritores | ||
| 859 | |a AR-BHAM |b BIB. HUMANIDADES - General |h 928 |i Q39B |p 471.93 |t Ej.1 | ||
